000 00704nam a2200241 a 4500
001 BRCA_6842
005 20190320205620.0
008 091111s1897----u--ab#####---#000-0#eng-#
041 _aeng
044 _au
050 4 _aF904
_p.J36 1847
100 1 _aJames, Bushrod Washington
_d1830-1903
_917069
245 1 0 _aAlaska
_bits neglected past, its brillant future
_cby Bushrod Washington James
260 _aFiladelfia
_bSunshine
_c1897
300 _a444 p.
_bil., 16 mapas
_c20 cm.
500 _aIncluye glosario e índice alfabético
500 _aO30
504 _aBibliografía: p. 421-437
651 4 _aAlaska
_917070
651 4 _aAlaska
_xBibliografía
_917071
902 _aGFM
942 _2lcc
_cB
999 _c6525
_d6525